Southville International School and Colleges
Your cart is empty.
  • Cart
  • Lists
    Public lists Eva Luna New books Lux_list list_1
    Your lists Log in to create your own lists
  • Log in to your account
  • Your cookies
  • Search history
Southville International School and Colleges
  • Advanced search
  • Recent comments
  • Most popular
  • Libraries

Log in to your account

Log in with GOOGLE


If you do not have an external account, but do have a local account, you can still log in:

  1. Home
  2. MARC view: Cataloging correctly for kids
Normal view MARC view ISBD view

Cataloging correctly for kids (Record no. 15698)

[ view plain ]
MARC details
000 -LEADER
fixed length control field 01380nam a22004333a 4500
003 - CONTROL NUMBER IDENTIFIER
control field OSt
005 - DATE AND TIME OF LATEST TRANSACTION
control field 20140310182748.0
006 - FIXED-LENGTH DATA ELEMENTS--ADDITIONAL MATERIAL CHARACTERISTICS--GENERAL INFORMATION
fixed length control field m d
007 - PHYSICAL DESCRIPTION FIXED FIELD--GENERAL INFORMATION
fixed length control field cr cnu
008 - FIXED-LENGTH DATA ELEMENTS--GENERAL INFORMATION
fixed length control field 100402s2011 ilua sb 001 0 eng d
020 ## - INTERNATIONAL STANDARD BOOK NUMBER
International Standard Book Number 9780838935897 (pbk. : alk. paper)
020 ## - INTERNATIONAL STANDARD BOOK NUMBER
International Standard Book Number 9789746522175
035 ## - SYSTEM CONTROL NUMBER
System control number cis17886752
037 ## - SOURCE OF ACQUISITION
Stock number 309336
Source of stock number/acquisition MIL
040 ## - CATALOGING SOURCE
Original cataloging agency CaONFJC
Transcribing agency CaONFJC
043 ## - GEOGRAPHIC AREA CODE
Geographic area code n-us---
050 04 - LIBRARY OF CONGRESS CALL NUMBER
Classification number Z 695
Item number .In61 2011
082 04 - DEWEY DECIMAL CLASSIFICATION NUMBER
Classification number M 025.32
Item number C37 2011
245 00 - TITLE STATEMENT
Title Cataloging correctly for kids
Medium [electronic resource] :
Remainder of title an introduction to the tools /
Statement of responsibility, etc Intner, Sheila S.
250 ## - EDITION STATEMENT
Edition statement 5th ed.
260 ## - PUBLICATION, DISTRIBUTION, ETC. (IMPRINT)
Place of publication, distribution, etc Chicago :
Name of publisher, distributor, etc American Library Association,
Date of publication, distribution, etc c2011.
300 ## - PHYSICAL DESCRIPTION
Extent 224 p.
Other physical details ill.
Dimensions 23 cm.
504 ## - BIBLIOGRAPHY, ETC. NOTE
Bibliography, etc Includes bibliographical references (p. 199-204) and index.
521 ## - TARGET AUDIENCE NOTE
Target audience note
526 ## - STUDY PROGRAM INFORMATION NOTE
Reading level 1210L-1700L
541 ## - IMMEDIATE SOURCE OF ACQUISITION NOTE
-- 1
562 ## - COPY AND VERSION IDENTIFICATION NOTE
Number of copies 1
590 ## - LOCAL NOTE (RLIN)
Local note Record supplied by vendor.
650 #0 - SUBJECT ADDED ENTRY--TOPICAL TERM
Topical term or geographic name as entry element Cataloging of children's literature.
650 #0 - SUBJECT ADDED ENTRY--TOPICAL TERM
Topical term or geographic name as entry element Cataloging of children's literature
Geographic subdivision United States.
700 1# - ADDED ENTRY--PERSONAL NAME
Personal name Intner, Sheila S.
700 1# - ADDED ENTRY--PERSONAL NAME
Personal name Fountain, Joanna F.
700 1# - ADDED ENTRY--PERSONAL NAME
Personal name Weihs, Jean Riddle.
710 2# - ADDED ENTRY--CORPORATE NAME
Corporate name or jurisdiction name as entry element Association for Library Collections & Technical Services.
740 0# - ADDED ENTRY--UNCONTROLLED RELATED/ANALYTICAL TITLE
Uncontrolled related/analytical title MyiLibrary.
776 08 - ADDITIONAL PHYSICAL FORM ENTRY
Display text Print version:
Record control number (DLC)2010012945
International Standard Book Number 9780838935897.
942 ## - ADDED ENTRY ELEMENTS (KOHA)
Source of classification or shelving scheme Library of Congress Classification
Koha item type Books
Call number prefix
948 ## - LOCAL PROCESSING INFORMATION (OCLC); SERIES PART DESIGNATOR (RLIN)
Series part designator, SPT (RLIN) .b11680878
Holdings
Withdrawn status Lost status Source of classification or shelving scheme Damaged status Home library Current library Shelving location Date acquired Total Checkouts Full call number Barcode Date last seen Copy number Price effective from Koha item type
    Library of Congress Classification   College Library College Library General Circulation Section 06/14/2012   Z 695 .In61 2011 c14970 05/15/2018 1 06/14/2012 Books

Cataloging correctly for kids

APA

Intner S. S., Fountain J. F., Weihs J. R. & Association for Library Collections & Technical Services. (2011). Cataloging correctly for kids. Chicago: American Library Association.

Chicago

Intner Sheila S, Fountain Joanna F, Weihs Jean Riddle and Association for Library Collections & Technical Services. 2011. Cataloging correctly for kids. Chicago: American Library Association.

Harvard

Intner S. S., Fountain J. F., Weihs J. R. and Association for Library Collections & Technical Services. (2011). Cataloging correctly for kids. Chicago: American Library Association.

MLA

Intner Sheila S, Fountain Joanna F, Weihs Jean Riddle and Association for Library Collections & Technical Services. Cataloging correctly for kids. Chicago: American Library Association. 2011.

  • Place hold
  • Print
  • Cite
  • Add to your cart (remove)
  • Save record
    BIBTEX Dublin Core MARCXML MARC (non-Unicode/MARC-8) MARC (Unicode/UTF-8) MARC (Unicode/UTF-8, Standard) MODS (XML) RIS
  • More searches
    Search for this title in:
    Other Libraries (WorldCat) Other Databases (Google Scholar) Online Stores (Bookfinder.com) Open Library (openlibrary.org)

Exporting to Dublin Core...

SOUTHVILLE LIBRARY

Southville International School and Colleges Library

1281 Tropical Ave. Cor. Luxembourg St., BF Homes International, Las Pinas City

Tel. No. 8256374 / 252358 Loc. 117/146

Powered by Koha